000 02111cam a2200241 4500500
005 20251228080751.0
041 _afre
042 _adc
100 1 0 _aDubéchot, Patrick
_eauthor
245 0 0 _aLe concept d’inclusion sous le regard de travailleurs sociaux en formation
260 _c2015.
500 _a10
520 _aCet article propose une réflexion sur le processus d’appropriation et d’intégration des concepts émergeant dans les logiques d’action des organisations et des professionnels du travail social et de l’intervention sociale. L’hypothèse avancée est que ce processus s’opère progressivement et lentement. Cela est d’autant plus long que l’intégration de ces concepts dans la formation des travailleurs sociaux exige un certain délai, voire est confrontée à une certaine résistance dans les centres de formation, dans les lieux d’exercice professionnel. De ce fait, à peine les anciens concepts sont-ils intégrés que de nouveaux viennent bousculer les acquis, remettre en cause les pratiques et les professionnels.
520 _aThe concept of inclusion as seen by social workers in trainingThis article reflects upon the process of learning and integrating emerging concepts about strategies for action in organizations and among social work professionals. The author formulates the hypothesis that this is a slow and progressive process. The adoption of these concepts in social worker training and in the field is met with resistance and takes time. For this reason old concept have hardly been appropriated before new ones shake them up and challenge professionals and their practices.
690 _aprocessus d’appropriation des concepts émergents
690 _atraduction dans les logiques d’action
690 _atravailleurs sociaux
690 _aprocess of integrating emerging concepts
690 _asocial workers
690 _astrategies for action
786 0 _nVie sociale | 11 | 3 | 2015-08-28 | p. 167-184 | 0042-5605
856 4 1 _uhttps://shs.cairn.info/revue-vie-sociale-2015-3-page-167?lang=fr&redirect-ssocas=7080
999 _c1598818
_d1598818